व्यवसाय अध्ययन : (Record no. 121640)

MARC details
000 -LEADER
fixed length control field 01340nam a22002657a 4500
005 - DATE AND TIME OF LATEST TRANSACTION
control field 20170124103218.0
010 ## - LIBRARY OF CONGRESS CONTROL NUMBER
LC control number B-066562
020 ## - INTERNATIONAL STANDARD BOOK NUMBER
Terms of availability 80.00
035 ## - SYSTEM CONTROL NUMBER
System control number B-066562
037 ## - SOURCE OF ACQUISITION
Source of stock number/acquisition Cen Lib/Ret
040 ## - CATALOGING SOURCE
Original cataloging agency DPL
Language of cataloging HN
082 ## - DEWEY DECIMAL CLASSIFICATION NUMBER
Classification number 380
Item number छाबड़ा
100 ## - MAIN ENTRY--PERSONAL NAME
Personal name छाबड़ा, टी.एन.
9 (RLIN) 109175
245 ## - TITLE STATEMENT
Title व्यवसाय अध्ययन :
Statement of responsibility, etc टी.एन. छाबड़ा ; अनुवादक मीरा रंजन
Remainder of title व्यवसाय के आधार तथा कंपनी संगठन , वित्त एवं व्यावापर /
246 ## - VARYING FORM OF TITLE
Title proper/short title vyavasay adhyayan : vyavasay ke adhar tatha company sangathan vitt evam vyapar /
Remainder of title by T.N. Chabara ; anuvadak Meera Ranjan
260 ## - PUBLICATION, DISTRIBUTION, ETC. (IMPRINT)
Place of publication, distribution, etc नयी दिल्ली
Name of publisher, distributor, etc आर्य पब्लिकेशन
Date of publication, distribution, etc 2002
270 ## - ADDRESS
City नयी दिल्ली
Address 30, नाईवाला , करोल बाग
Postal code 110005
300 ## - PHYSICAL DESCRIPTION
Extent 330पृ
Dimensions 22सेमी(सजिल्द )
650 ## - SUBJECT ADDED ENTRY--TOPICAL TERM
Topical term or geographic name as entry element व्यवसाय अध्ययन
General subdivision
Geographic subdivision
9 (RLIN) 109176
650 ## - SUBJECT ADDED ENTRY--TOPICAL TERM
Topical term or geographic name as entry element कंपनी संगठन
9 (RLIN) 109177
650 ## - SUBJECT ADDED ENTRY--TOPICAL TERM
Topical term or geographic name as entry element Business Studies
9 (RLIN) 109178
650 ## - SUBJECT ADDED ENTRY--TOPICAL TERM
Topical term or geographic name as entry element Company organization
9 (RLIN) 100003
700 ## - ADDED ENTRY--PERSONAL NAME
Personal name रंजन मीरा
9 (RLIN) 109179
942 ## - ADDED ENTRY ELEMENTS (KOHA)
Source of classification or shelving scheme Dewey Decimal Classification
Koha item type Hindi Books
Classification part 380
Call number suffix छाबड़ा
Holdings
Withdrawn status Lost status Damaged status Not for loan Home library Current library Date acquired Source of acquisition Cost, normal purchase price Total Checkouts Full call number Barcode Date last seen Copy number Cost, replacement price Price effective from Koha item type
        Central Library Central Library 12/10/2015 Cen Lib/Ret 80.00   380 छाबड़ा B-066562 12/10/2015 1 80.00 12/10/2015 Hindi Books

© Delhi Public Library
Hit Counter
free hit counter